[Event "HUN-chT2 Asztalos 2122"]
[Site "Hungary"]
[Date "2022.04.10"]
[Round "9.5"]
[White "Illes, Attila"]
[Black "Csernyiczky, Laszlo"]
[Result "1/2-1/2"]
[WhiteElo "1908"]
[BlackElo "1928"]
[PlyCount "46"]
[EventDate "2021.10.10"]
[EventType "team-tourn"]
[EventRounds "9"]
[EventCountry "HUN"]
[SourceTitle "EXT 2025"]
[Source "ChessBase"]
[SourceDate "2024.10.14"]
[SourceVersion "1"]
[SourceVersionDate "2024.10.14"]
[SourceQuality "1"]
[WhiteTeam "Kaposvar Bastya"]
[BlackTeam "Racalmas Kiralysakk"]
[WhiteTeamCountry "HUN"]
[BlackTeamCountry "HUN"]

1. d4 e6 2. Nf3 Nf6 3. Bg5 Be7 4. Nbd2 d5 5. e3 Nbd7 6. Bd3 0-0 7. 0-0 Ne8 8. Bf4 Bd6 9. Qe2 Bxf4 10. exf4 Qf6 11. g3 c5 12. c3 Nd6 13. Ne5 cxd4 14. cxd4 Nf5 15. Ndf3 Nd6 16. Rfc1 Qe7 17. Bxh7+ Kxh7 18. Ng5+ Kh6 19. Qg4 Nf6 20. Qh4+ Nh5 21. Ng4+ Kg6 22. Ne5+ Kh6 23. Ng4+ Kg6 1/2-1/2

[Event "HUN-chT2 Asztalos 2122"]
[Site "Hungary"]
[Date "2022.02.27"]
[Round "7.5"]
[White "Drinoczi, Peter"]
[Black "Csernyiczky, Laszlo"]
[Result "1-0"]
[WhiteElo "2029"]
[BlackElo "1928"]
[PlyCount "85"]
[EventDate "2021.10.10"]
[EventType "team-tourn"]
[EventRounds "9"]
[EventCountry "HUN"]
[SourceTitle "EXT 2025"]
[Source "ChessBase"]
[SourceDate "2024.10.14"]
[SourceVersion "1"]
[SourceVersionDate "2024.10.14"]
[SourceQuality "1"]
[WhiteTeam "Szentlorinc"]
[BlackTeam "Racalmas Kiralysakk"]
[WhiteTeamCountry "HUN"]
[BlackTeamCountry "HUN"]

1. e4 e5 2. Nf3 Nc6 3. Bb5 Nf6 4. d3 Bc5 5. 0-0 d6 6. c3 0-0 7. h3 Ne7 8. Bg5 Ng6 9. d4 Bb6 10. Nbd2 h6 11. Be3 Qe7 12. Bd3 Nh7 13. Qc2 Qf6 14. Kh2 c6 15. g3 Bc7 16. Ng1 d5 17. dxe5 Nxe5 18. Bd4 Qe7 19. Bxe5 Bxe5 20. exd5 Nf6 21. Rae1 Qc7 22. dxc6 bxc6 23. f4 Bd6 24. Nc4 Rd8 25. Ne5 Be6 26. c4 Bc5 27. Ngf3 Nh5 28. Bh7+ Kf8 29. Be4 Rd6 30. a3 a5 31. Qc3 a4 32. Re2 Rad8 33. Rfe1 Qc8 34. h4 Nf6 35. Bc2 Ng4+ 36. Kg2 Nf6 37. Bxa4 Bd4 38. Nxd4 Rxd4 39. b3 Ng4 40. Nxc6 Rd3 41. Qb4+ R8d6 42. Ne5 R3d4 43. Nxg4 1-0

[Event "HUN-chT2 Asztalos 2122"]
[Site "Hungary"]
[Date "2022.01.30"]
[Round "5.5"]
[White "Pater, Peter"]
[Black "Csernyiczky, Laszlo"]
[Result "1-0"]
[WhiteElo "1850"]
[BlackElo "1928"]
[PlyCount "67"]
[EventDate "2021.10.10"]
[EventType "team-tourn"]
[EventRounds "9"]
[EventCountry "HUN"]
[SourceTitle "EXT 2025"]
[Source "ChessBase"]
[SourceDate "2024.10.14"]
[SourceVersion "1"]
[SourceVersionDate "2024.10.14"]
[SourceQuality "1"]
[WhiteTeam "Komlo Banyasz II"]
[BlackTeam "Racalmas Kiralysakk"]
[WhiteTeamCountry "HUN"]
[BlackTeamCountry "HUN"]

1. d4 e6 2. c4 b6 3. Nf3 Bb7 4. g3 f5 5. Bg2 Nf6 6. 0-0 Be7 7. Nc3 Ne4 8. d5 Nxc3 9. bxc3 c5 10. Nd2 Bf6 11. Qc2 0-0 12. e4 g6 13. f4 fxe4 14. Nxe4 exd5 15. Nd6 Bc6 16. cxd5 Qc7 17. Ne4 Bb7 18. Nxf6+ Rxf6 19. c4 d6 20. Bb2 Nd7 21. Bxf6 Nxf6 22. Qc3 Qf7 23. Rae1 Rf8 24. Bh3 Bc8 25. Bxc8 Rxc8 26. Re6 Rf8 27. Rfe1 Re8 28. Rxe8+ Nxe8 29. Qe3 Nf6 30. Qe6 b5 31. cxb5 Nxd5 32. Qxd6 c4 33. Re5 Nc7 34. Qd8+ 1-0

[Event "HUN-chT2 Asztalos 1819"]
[Site "Hungary"]
[Date "2019.04.28"]
[Round "9.7"]
[White "Stermenszky, Tamas"]
[Black "Csernyiczky, Laszlo"]
[Result "1/2-1/2"]
[WhiteElo "1868"]
[BlackElo "1957"]
[PlyCount "104"]
[EventDate "2018.10.28"]
[EventType "team-tourn"]
[EventRounds "9"]
[EventCountry "HUN"]
[SourceTitle "EXT 2021"]
[Source "ChessBase"]
[SourceDate "2020.10.23"]
[SourceVersion "1"]
[SourceVersionDate "2020.10.23"]
[SourceQuality "1"]
[WhiteTeam "Karmin"]
[BlackTeam "Kiraly Sakk"]
[WhiteTeamCountry "HUN"]
[BlackTeamCountry "HUN"]

1. Nf3 Nf6 2. g3 g6 3. Bg2 Bg7 4. 0-0 d6 5. c4 e5 6. d4 Nbd7 7. Nc3 0-0 8. e4 Re8 9. d5 Nc5 10. Re1 a5 11. Qc2 Bd7 12. Be3 Na6 13. a3 Ng4 14. Bd2 f5 15. h3 Nf6 16. Bg5 h6 17. Be3 Qc8 18. Kh2 Rf8 19. Nh4 Kh7 20. exf5 Bxf5 21. Ne4 Qd7 22. g4 Bxe4 23. Bxe4 Nxe4 24. Qxe4 Qf7 25. Rad1 b6 26. Rd2 Nc5 27. Bxc5 bxc5 28. Re3 Qf4+ 29. Kg2 Rf6 30. Rde2 Raf8 31. b3 h5 32. a4 hxg4 33. hxg4 Qh6 34. Rh3 Kg8 35. Nf3 Qf4 36. g5 Rf5 37. Rg3 R8f7 38. Nd2 Bf8 39. Qxf4 exf4 40. Rd3 Rxg5+ 41. Kf3 Rh5 42. Re6 Rh3+ 43. Ke2 Rxd3 44. Kxd3 Kg7 45. Nf3 Be7 46. Ke4 g5 47. Nh2 Kf8 48. Rh6 Bf6 49. Ng4 Kg7 50. f3 Rf8 51. Kf5 Bd8+ 52. Ke4 Be7 1/2-1/2

[Event "HUN-chT2 Asztalos 1718"]
[Site "Hungary"]
[Date "2018.01.28"]
[Round "5.6"]
[White "Horvath, Jozsef3"]
[Black "Csernyiczky, Laszlo"]
[Result "0-1"]
[WhiteElo "1892"]
[BlackElo "1943"]
[PlyCount "128"]
[EventDate "2017.10.29"]
[EventType "team-tourn"]
[EventRounds "9"]
[EventCountry "HUN"]
[SourceTitle "EXT 2021"]
[Source "ChessBase"]
[SourceDate "2020.10.23"]
[SourceVersion "1"]
[SourceVersionDate "2020.10.23"]
[SourceQuality "1"]
[WhiteTeam "Marcali"]
[BlackTeam "Kiraly Sakk"]
[WhiteTeamCountry "HUN"]
[BlackTeamCountry "HUN"]

1. e4 e5 2. Nf3 Nc6 3. Nc3 Nf6 4. Bb5 d6 5. d4 Bd7 6. 0-0 exd4 7. Nxd4 Nxd4 8. Bxd7+ Qxd7 9. Qxd4 Be7 10. Be3 0-0 11. Rad1 Rfd8 12. h3 c6 13. e5 dxe5 14. Qxe5 Bd6 15. Qg5 h6 16. Qh4 Qf5 17. Rd2 Rd7 18. Rfd1 Rad8 19. Kf1 b5 20. g4 Qf3 21. a3 a5 22. b4 axb4 23. axb4 Bxb4 24. Rxd7 Rxd7 25. Rxd7 Nxd7 26. Ne2 Nf6 27. Nd4 Qe4 28. Qg3 Bc5 29. Nf5 Bxe3 30. fxe3 Kh7 31. Qf2 Qh1+ 32. Ke2 Qxh3 33. Nd4 Qxg4+ 34. Qf3 Qxf3+ 35. Kxf3 Nd5 36. Nxc6 f5 37. Nd4 Nb4 38. c3 Nd5 39. Nxb5 g5 40. c4 g4+ 41. Kg3 Nxe3 42. c5 Nd5 43. c6 Kg6 44. c7 Ne7 45. Nd6 h5 46. c8Q Nxc8 47. Nxc8 Kg5 48. Nd6 h4+ 49. Kg2 h3+ 50. Kf2 Kf4 51. Nf7 g3+ 52. Kg1 Kf3 53. Ng5+ Kg4 54. Nf7 f4 55. Ne5+ Kf5 56. Nf3 h2+ 57. Kg2 Ke4 58. Ng5+ Ke3 59. Kh1 Kf2 60. Nh3+ Kf3 61. Ng5+ Kg4 62. Nf3 g2+ 63. Kxg2 h1Q+ 64. Kxh1 Kxf3 0-1

[Event "HUN-chT2 Asztalos 1617"]
[Site "Hungary"]
[Date "2017.02.12"]
[Round "8.7"]
[White "Szabo, Lorinc"]
[Black "Csernyiczky, Laszlo"]
[Result "1-0"]
[WhiteElo "1957"]
[BlackElo "1933"]
[PlyCount "31"]
[EventDate "2016.09.25"]
[EventType "team-tourn"]
[EventRounds "11"]
[EventCountry "HUN"]
[SourceTitle "EXT 2021"]
[Source "ChessBase"]
[SourceDate "2020.10.23"]
[SourceVersion "1"]
[SourceVersionDate "2020.10.23"]
[SourceQuality "1"]
[WhiteTeam "Fehervar"]
[BlackTeam "Kiraly Sakk"]
[WhiteTeamCountry "HUN"]
[BlackTeamCountry "HUN"]

1. e4 e5 2. Nf3 Nf6 3. Nc3 Bb4 4. Bc4 0-0 5. 0-0 c6 6. Nxe5 Bxc3 7. dxc3 Nxe4 8. Bd3 d5 9. Bxe4 dxe4 10. Qe2 Qd5 11. Bf4 f6 12. Rfd1 Qe6 13. Nc4 Qf5 14. Nd6 Qg6 15. Qc4+ Kh8 16. Nf7+ 1-0

[Event "HUN-chT2 Asztalos 1617"]
[Site "Hungary"]
[Date "2017.01.29"]
[Round "7.7"]
[White "Csernyiczky, Laszlo"]
[Black "Kiraly, Mate"]
[Result "1-0"]
[WhiteElo "1933"]
[BlackElo "1801"]
[PlyCount "37"]
[EventDate "2016.09.25"]
[EventType "team-tourn"]
[EventRounds "11"]
[EventCountry "HUN"]
[SourceTitle "EXT 2021"]
[Source "ChessBase"]
[SourceDate "2020.10.23"]
[SourceVersion "1"]
[SourceVersionDate "2020.10.23"]
[SourceQuality "1"]
[WhiteTeam "Kiraly Sakk"]
[BlackTeam "Marcali"]
[WhiteTeamCountry "HUN"]
[BlackTeamCountry "HUN"]

1. e4 d6 2. d4 g6 3. Nc3 Bg7 4. Be3 Nc6 5. Qd2 e5 6. Nge2 Bd7 7. 0-0-0 Nf6 8. f3 a6 9. g4 h5 10. g5 Nh7 11. h4 f5 12. gxf6 Bxf6 13. Nd5 Bg7 14. Rg1 Ne7 15. dxe5 dxe5 16. Nec3 Be6 17. Qg2 Nxd5 18. Qxg6+ Bf7 19. Qxg7 1-0

[Event "HUN-chT2 Asztalos 1617"]
[Site "Hungary"]
[Date "2016.09.25"]
[Round "1.6"]
[White "Arato, Bela"]
[Black "Csernyiczky, Laszlo"]
[Result "1-0"]
[WhiteElo "2080"]
[BlackElo "1933"]
[PlyCount "67"]
[EventDate "2016.09.25"]
[EventType "team-tourn"]
[EventRounds "11"]
[EventCountry "HUN"]
[SourceTitle "EXT 2021"]
[Source "ChessBase"]
[SourceDate "2020.10.23"]
[SourceVersion "1"]
[SourceVersionDate "2020.10.23"]
[SourceQuality "1"]
[WhiteTeam "Baja"]
[BlackTeam "Kiraly Sakk"]
[WhiteTeamCountry "HUN"]
[BlackTeamCountry "HUN"]

1. e4 e5 2. Nf3 Nc6 3. Bb5 Nf6 4. d4 Nxe4 5. 0-0 Be7 6. dxe5 0-0 7. Re1 Ng5 8. Nxg5 Bxg5 9. Nc3 Bxc1 10. Rxc1 Re8 11. f4 d6 12. exd6 Rxe1+ 13. Qxe1 cxd6 14. Nd5 Be6 15. Rd1 Bxd5 16. Rxd5 Ne7 17. Rd1 Qb6+ 18. Kh1 Ng6 19. Bc4 Nxf4 20. Qe7 Rf8 21. Rxd6 Ng6 22. Rxb6 Nxe7 23. Rxb7 Rd8 24. h3 Kf8 25. Rxa7 f5 26. a4 g5 27. Kh2 f4 28. Bd3 h5 29. Ra5 g4 30. hxg4 hxg4 31. Rg5 g3+ 32. Kh3 Rd4 33. a5 Kf7 34. Re5 1-0

[Event "HUN-chT2 Asztalos 1516"]
[Site "Hungary"]
[Date "2016.02.28"]
[Round "8.4"]
[White "Marosvolgyi, Ferenc"]
[Black "Csernyiczky, Laszlo"]
[Result "1-0"]
[WhiteElo "1813"]
[BlackElo "1961"]
[PlyCount "55"]
[EventDate "2015.09.13"]
[EventType "team-tourn"]
[EventRounds "11"]
[EventCountry "HUN"]
[SourceTitle "EXT 2017"]
[Source "ChessBase"]
[SourceDate "2016.10.25"]
[SourceVersion "1"]
[SourceVersionDate "2016.10.25"]
[SourceQuality "1"]
[WhiteTeam "Marcali"]
[BlackTeam "Kiraly Sakk"]
[WhiteTeamCountry "HUN"]
[BlackTeamCountry "HUN"]

1. d4 e6 2. c4 b6 3. Nc3 Bb7 4. e4 Bb4 5. Bd3 f5 6. Qc2 Nf6 7. f3 Bxc3+ 8. bxc3 fxe4 9. fxe4 Nxe4 10. Nf3 Nf6 11. Bg5 Bxf3 12. gxf3 h6 13. Bg6+ Kf8 14. Bh4 Nc6 15. 0-0-0 Ne7 16. Rhg1 d5 17. Rde1 Qd6 18. Re5 Nc6 19. f4 dxc4 20. Kb1 Ke7 21. Bf5 Nxe5 22. fxe5 Qc6 23. Be4 Qb5+ 24. Kc1 Rag8 25. Rxg7+ Rxg7 26. exf6+ Kf7 27. fxg7 Rg8 28. Qf2+ 1-0

[Event "HUN-chT2 Asztalos 1516"]
[Site "Hungary"]
[Date "2016.02.14"]
[Round "7.4"]
[White "Csernyiczky, Laszlo"]
[Black "Bator, Balazs"]
[Result "0-1"]
[WhiteElo "1961"]
[BlackElo "1972"]
[PlyCount "58"]
[EventDate "2015.09.13"]
[EventType "team-tourn"]
[EventRounds "11"]
[EventCountry "HUN"]
[SourceTitle "EXT 2017"]
[Source "ChessBase"]
[SourceDate "2016.10.25"]
[SourceVersion "1"]
[SourceVersionDate "2016.10.25"]
[SourceQuality "1"]
[WhiteTeam "Kiraly Sakk"]
[BlackTeam "Komlo Banyasz"]
[WhiteTeamCountry "HUN"]
[BlackTeamCountry "HUN"]

1. e4 c5 2. Nf3 Nc6 3. d4 cxd4 4. Nxd4 Nf6 5. Nc3 e5 6. Ndb5 d6 7. Nd5 Nxd5 8. exd5 Nb8 9. c4 Bd7 10. Nc3 f5 11. f4 e4 12. Qd4 Rg8 13. b4 b6 14. a4 g6 15. a5 Bg7 16. Qe3 Na6 17. axb6 Nxb4 18. Kd2 Bxc3+ 19. Qxc3 Qxb6 20. Be2 a5 21. Ba3 Rb8 22. Rhc1 Qc5 23. Bb2 Qf2 24. g3 Nd3 25. Rf1 Qxh2 26. Ba3 Qxg3 27. Bxd3 exd3 28. Qf6 Qg2+ 29. Kc3 Rb3+ 0-1

[Event "HUN-chT2 Asztalos 1516"]
[Site "Hungary"]
[Date "2015.10.04"]
[Round "2.5"]
[White "Percze, Janos"]
[Black "Csernyiczky, Laszlo"]
[Result "1-0"]
[WhiteElo "2142"]
[BlackElo "1961"]
[PlyCount "47"]
[EventDate "2015.09.13"]
[EventType "team-tourn"]
[EventRounds "11"]
[EventCountry "HUN"]
[SourceTitle "CBM 170 Extra"]
[Source "ChessBase"]
[SourceDate "2016.02.25"]
[SourceVersion "1"]
[SourceVersionDate "2016.02.25"]
[SourceQuality "1"]
[WhiteTeam "Nagyatad"]
[BlackTeam "Kiraly Sakk"]
[WhiteTeamCountry "HUN"]
[BlackTeamCountry "HUN"]

1. d4 d5 2. Nf3 Nf6 3. c4 e6 4. g3 dxc4 5. Bg2 c5 6. Qa4+ Bd7 7. Qxc4 Bc6 8. dxc5 Qa5+ 9. b4 Bb5 10. Qb3 Qa4 11. Nc3 Qxb3 12. axb3 Bc6 13. b5 Bd5 14. b4 b6 15. Be3 Be7 16. 0-0 0-0 17. Nxd5 Nxd5 18. cxb6 Nd7 19. Rxa7 Rad8 20. Nd4 N7xb6 21. Nc6 Nc8 22. Bxd5 Nxa7 23. Nxe7+ Kh8 24. Bc4 1-0

[Event "HUN-chT2 Asztalos 1516"]
[Site "Hungary"]
[Date "2015.09.13"]
[Round "1.5"]
[White "Csernyiczky, Laszlo"]
[Black "Mitric, Milutin"]
[Result "1-0"]
[WhiteElo "1961"]
[BlackElo "1941"]
[PlyCount "97"]
[EventDate "2015.09.13"]
[EventType "team-tourn"]
[EventRounds "11"]
[EventCountry "HUN"]
[SourceTitle "CBM 170 Extra"]
[Source "ChessBase"]
[SourceDate "2016.02.25"]
[SourceVersion "1"]
[SourceVersionDate "2016.02.25"]
[SourceQuality "1"]
[WhiteTeam "Kiraly Sakk"]
[BlackTeam "Pecs Karmin"]
[WhiteTeamCountry "HUN"]
[BlackTeamCountry "HUN"]

1. e4 d6 2. d4 Nf6 3. Nc3 g6 4. Be3 c6 5. Qd2 Qc7 6. f3 Nbd7 7. g4 b5 8. d5 b4 9. dxc6 bxc3 10. cxd7+ Bxd7 11. Qxc3 Qxc3+ 12. bxc3 Bg7 13. Bd4 0-0 14. Bd3 Rfc8 15. Ne2 e5 16. Be3 d5 17. g5 dxe4 18. Ba6 Nd5 19. Bxc8 Nxe3 20. Bxd7 Nxc2+ 21. Kf2 e3+ 22. Kg3 Nxa1 23. Rxa1 Rd8 24. Bb5 h6 25. h4 hxg5 26. hxg5 Bf8 27. f4 exf4+ 28. Kxf4 Bc5 29. Rf1 Rd5 30. Ke4 Rxg5 31. Bc4 Rf5 32. Rxf5 gxf5+ 33. Kxf5 Kg7 34. Kf4 Kf6 35. Nd4 Ke7 36. Kxe3 f6 37. Ke4 Kd6 38. Kf5 Ke7 39. Nc6+ Kd6 40. Nb4 Be3 41. Nd5 Bd2 42. Bb3 Kc5 43. Nxf6 Bxc3 44. Ne4+ Kb4 45. Nxc3 Kxc3 46. Ke4 a5 47. Kd5 Kb4 48. Kc6 a4 49. Be6 1-0

[Event "HUN-chT2 Asztalos 1415"]
[Site "Hungary"]
[Date "2015.03.01"]
[Round "7"]
[White "Csernyiczky, Laszlo"]
[Black "Szijarto, Attila"]
[Result "0-1"]
[WhiteElo "1995"]
[BlackElo "2057"]
[PlyCount "92"]
[EventDate "2014.10.12"]
[EventType "team-tourn"]
[EventRounds "9"]
[EventCountry "HUN"]
[SourceTitle "EXT 2016"]
[Source "ChessBase"]
[SourceDate "2015.10.08"]
[SourceVersion "1"]
[SourceVersionDate "2015.10.08"]
[SourceQuality "1"]
[WhiteTeam "Dunaujvaros"]
[BlackTeam "Nagyatad"]
[WhiteTeamCountry "HUN"]
[BlackTeamCountry "HUN"]

1. e4 c5 2. Nf3 Nc6 3. Bb5 a6 4. Bxc6 bxc6 5. 0-0 d5 6. exd5 cxd5 7. d4 e6 8. Re1 h6 9. c4 Nf6 10. Nc3 Be7 11. dxc5 0-0 12. cxd5 exd5 13. Be3 Rb8 14. Rb1 Bf5 15. Nd4 Bxb1 16. Nc6 Qc7 17. Nxe7+ Qxe7 18. Bf4 Be4 19. Bd6 Qb7 20. Re2 Ra8 21. Bxf8 Kxf8 22. f3 Bf5 23. Qd4 Be6 24. b4 Qc6 25. Rc2 Re8 26. Re2 Bd7 27. Rxe8+ Bxe8 28. a4 Qe6 29. Kf2 Qf5 30. b5 Qc2+ 31. Kf1 Qc1+ 32. Kf2 Qb2+ 33. Ne2 Qxd4+ 34. Nxd4 axb5 35. axb5 Nd7 36. Nb3 Ke7 37. Ke3 Ne5 38. Kd4 f6 39. c6 Kd6 40. Na5 Bxc6 41. f4 Bxb5 42. Nb7+ Kc6 43. Nd8+ Kd7 44. Nb7 Ng6 45. Nc5+ Kd6 46. f5 Nh4 0-1

[Event "HUN-chT2 Asztalos 1415"]
[Site "Hungary"]
[Date "2014.11.30"]
[Round "3.4"]
[White "Arato, Bela"]
[Black "Csernyiczky, Laszlo"]
[Result "1-0"]
[WhiteElo "2086"]
[BlackElo "1995"]
[PlyCount "33"]
[EventDate "2014.10.12"]
[EventType "team-tourn"]
[EventRounds "9"]
[EventCountry "HUN"]
[SourceTitle "EXT 2016"]
[Source "ChessBase"]
[SourceDate "2015.10.08"]
[SourceVersion "1"]
[SourceVersionDate "2015.10.08"]
[SourceQuality "1"]
[WhiteTeam "Baja Spartacus"]
[BlackTeam "Dunaujvaros"]
[WhiteTeamCountry "HUN"]
[BlackTeamCountry "HUN"]

1. e4 e5 2. Nf3 Nc6 3. Bb5 Nf6 4. d4 Nxe4 5. 0-0 d5 6. Nxe5 Bd7 7. Nxd7 Qxd7 8. Re1 0-0-0 9. Nd2 f5 10. c4 Nxd2 11. Bxd2 dxc4 12. Qa4 Kb8 13. Bg5 Rc8 14. d5 Qxd5 15. Rad1 Nd4 16. Rxd4 Qxd4 17. Be3 1-0

[Event "HUN-chT2 Asztalos 1314"]
[Site "Hungary"]
[Date "2014.04.13"]
[Round "8"]
[White "Csernyiczky, Laszlo"]
[Black "Di Giovanni, Vilmos"]
[Result "0-1"]
[WhiteElo "2012"]
[BlackElo "1806"]
[PlyCount "54"]
[EventDate "2013.09.08"]
[EventType "team-tourn"]
[EventRounds "9"]
[EventCountry "HUN"]
[SourceTitle "EXT 2016"]
[Source "ChessBase"]
[SourceDate "2015.10.08"]
[SourceVersion "1"]
[SourceVersionDate "2015.10.08"]
[SourceQuality "1"]
[WhiteTeam "Kiraly Sakk"]
[BlackTeam "MAV Elore"]
[WhiteTeamCountry "HUN"]
[BlackTeamCountry "HUN"]

1. e4 d5 2. exd5 Nf6 3. Bc4 Nxd5 4. Qf3 e6 5. c3 c5 6. Ne2 Nc6 7. 0-0 Ne5 8. Bb5+ Bd7 9. Bxd7+ Qxd7 10. Qg3 Ng6 11. d4 cxd4 12. Nxd4 Bd6 13. Qf3 0-0 14. Nd2 Rac8 15. Ne4 Be7 16. g3 Nf6 17. Rd1 Nxe4 18. Qxe4 e5 19. Be3 exd4 20. Bxd4 Qc7 21. h4 Rfe8 22. h5 Bf6 23. Qg4 Ne5 24. Qf5 Qc6 25. Be3 Rcd8 26. g4 Nf3+ 27. Kf1 Qc4+ 0-1

[Event "HUN-chT2 Asztalos 1314"]
[Site "Hungary"]
[Date "2014.02.16"]
[Round "5"]
[White "Csernyiczky, Laszlo"]
[Black "Mitric, Milutin"]
[Result "1/2-1/2"]
[WhiteElo "2012"]
[BlackElo "2045"]
[PlyCount "42"]
[EventDate "2013.09.08"]
[EventType "team-tourn"]
[EventRounds "9"]
[EventCountry "HUN"]
[SourceTitle "EXT 2016"]
[Source "ChessBase"]
[SourceDate "2015.10.08"]
[SourceVersion "1"]
[SourceVersionDate "2015.10.08"]
[SourceQuality "1"]
[WhiteTeam "Kiraly Sakk"]
[BlackTeam "Pecs Karmin"]
[WhiteTeamCountry "HUN"]
[BlackTeamCountry "HUN"]

1. e4 d6 2. d4 Nc6 3. Be3 e5 4. dxe5 Nxe5 5. Nf3 Bg4 6. Be2 Nxf3+ 7. Bxf3 Bxf3 8. Qxf3 Qf6 9. Qxf6 Nxf6 10. f3 g6 11. Bd4 Bg7 12. Nc3 c6 13. 0-0-0 Ke7 14. e5 dxe5 15. Bxe5 Rhd8 16. Bc7 Rxd1+ 17. Rxd1 Ne8 18. Ba5 Bxc3 19. Bxc3 b6 20. Re1+ Kd7 21. Rd1+ Ke7 1/2-1/2

[Event "HUN-chT2 Asztalos 1112"]
[Site "Hungary"]
[Date "2012.02.19"]
[Round "6.1"]
[White "Csernyiczky, Laszlo"]
[Black "Haszon, David"]
[Result "0-1"]
[WhiteElo "2074"]
[BlackElo "2131"]
[PlyCount "88"]
[EventDate "2011.09.25"]
[EventType "team-tourn"]
[EventRounds "11"]
[EventCountry "HUN"]
[SourceTitle "EXT 2013"]
[Source "ChessBase"]
[SourceDate "2012.11.22"]
[SourceVersion "1"]
[SourceVersionDate "2012.11.22"]
[SourceQuality "1"]
[WhiteTeam "Dunaujvaros"]
[BlackTeam "Marcali"]
[WhiteTeamCountry "HUN"]
[BlackTeamCountry "HUN"]

1. e4 c5 2. Nf3 d6 3. d4 cxd4 4. Nxd4 Nf6 5. Nc3 a6 6. f3 e5 7. Nb3 Be6 8. Be3 Be7 9. Qd2 0-0 10. g4 d5 11. g5 d4 12. gxf6 Bxf6 13. Bf2 dxc3 14. Qxc3 Bh4 15. Qe3 Bxb3 16. axb3 Nc6 17. Bd3 Bg5 18. Qb6 Qf6 19. Ke2 Rad8 20. Rad1 Rd6 21. Qc5 Rc8 22. h4 Bh6 23. Ke1 Rdd8 24. Be2 Nd4 25. Qa5 Nxc2+ 26. Kf1 Rxd1+ 27. Bxd1 Ne3+ 28. Ke2 Ng2 29. Kf1 Nf4 30. Be3 Qd6 31. Qd2 Qxd2 32. Bxd2 Rd8 33. Rh2 Ne6 34. Ke1 Bxd2+ 35. Rxd2 Rxd2 36. Kxd2 Kf8 37. Kc3 Ke7 38. Kc4 Kd6 39. b4 Nf4 40. b5 a5 41. b4 axb4 42. Kxb4 b6 43. Bb3 f6 44. Bg8 h5 0-1

[Event "HUN-chT2 Asztalos 1011"]
[Site "Hungary"]
[Date "2011.04.17"]
[Round "9.1"]
[White "Vrban, Mladen"]
[Black "Csernyiczky, Laszlo"]
[Result "1-0"]
[WhiteElo "2327"]
[BlackElo "2132"]
[PlyCount "73"]
[EventDate "2010.09.12"]
[EventType "team-tourn"]
[EventRounds "11"]
[EventCountry "HUN"]
[SourceTitle "EXT 2012"]
[Source "ChessBase"]
[SourceDate "2011.11.24"]
[SourceVersion "1"]
[SourceVersionDate "2011.11.24"]
[SourceQuality "1"]
[WhiteTeam "Nagyatad"]
[BlackTeam "Dunajvaros"]
[WhiteTeamCountry "HUN"]
[BlackTeamCountry "HUN"]

1. f4 g6 2. Nf3 d6 3. g3 Bg7 4. e4 c6 5. c3 Nf6 6. Qe2 Bg4 7. h3 Bxf3 8. Qxf3 Nbd7 9. d3 Qa5 10. g4 h6 11. Nd2 e5 12. f5 d5 13. Nb3 Qc7 14. Be3 b6 15. Be2 Qd6 16. h4 Nc5 17. g5 Nfd7 18. f6 Bf8 19. 0-0-0 Nxb3+ 20. axb3 Nc5 21. b4 Ne6 22. h5 0-0-0 23. hxg6 fxg6 24. exd5 cxd5 25. gxh6 g5 26. Qf5 Kc7 27. Bg4 d4 28. Bd2 Nf4 29. h7 Qd5 30. c4 Qc6 31. b5 Qe8 32. f7 Qe7 33. Rde1 Bg7 34. Bxf4 gxf4 35. Bf3 Rhf8 36. Qe4 Qc5 37. Reg1 1-0